مقاصد الشريعة من العقاب /
Saved in:
| 主要作者: | |
|---|---|
| 其他作者: | |
| 格式: | Thesis |
| 語言: | Arabic |
| 出版: |
Islamabad :
Jami'ah al-Islamiyah,
1982
|
| 主題: | |
| 標簽: |
添加標簽
沒有標簽, 成為第一個標記此記錄!
|
| LEADER | 011720000a22003130004500 | ||
|---|---|---|---|
| 001 | 61680 | ||
| 005 | 20080328112900.0 | ||
| 008 | 930126s1982 pk g 000 0 ara | ||
| 035 | |a 232366 | ||
| 035 | |a (Sirsi) 61680 | ||
| 040 | |a UIAM |b eng | ||
| 041 | 0 | |a ara | |
| 049 | |b m | ||
| 050 | |a BP158.4.H6 | ||
| 100 | 1 | |a قريشي، محمد يونس | |
| 242 | 1 | 0 | |a Maqasid al-shari'ah min al-'iqab |
| 245 | 1 | 0 | |a مقاصد الشريعة من العقاب / |c اعداد محمد يونس قريشي |
| 260 | 1 | |a Islamabad : |b Jami'ah al-Islamiyah, |c 1982 | |
| 300 | |a 139 p. | ||
| 502 | |a Master's thesis - al-Jamiat al-Islamiyah, Islamabad. | ||
| 533 | |a Photocopy | ||
| 596 | |a 1 | ||
| 650 | 0 | |a Punishment (Islamic law) | |
| 650 | 0 | |a Criminal law (Islamic law) | |
| 700 | 1 | 0 | |a Qureshi, Mohammad Yunus |
| 900 | |a non-imj-khs-arr-nmh-naw | ||
| 999 | |c 430015 |d 461506 | ||
| 952 | |0 0 |6 LU T BP158.4H6Q28M 1982 |7 0 |8 THESES |9 749031 |a IIUM |b IIUM |c CLOSEACCES |g 0.00 |o lu t BP158.4H6Q28M 1982 |p 00000094556 |r 2017-10-24 |t 1 |v 0.00 |y THESIS | ||
| 952 | |0 0 |6 T BP158.4H6Q28M 1982 |7 0 |8 THESES |9 749032 |a IIUM |b IIUM |c MULTIMEDIA |g 0.00 |o t BP158.4H6Q28M 1982 |p 00010981800 |r 2017-10-17 |t 1 |v 0.00 |y THESIS | ||
